Random North and South American Flags - Statistics

General Stats
  • This quiz has been taken 1,426 times
  • The average score is 13 of 15
Answer Stats
Picture Answer % Correct
Argentina
99%
United States
99%
Brazil
98%
Canada
98%
Mexico
97%
Jamaica
96%
Uruguay
96%
Colombia
95%
Venezuela
95%
Barbados
92%
Cuba
92%
Chile
91%
Ecuador
91%
Panama
91%
Peru
89%
Guatemala
88%
Guyana
86%
Belize
85%
Costa Rica
85%
Honduras
85%
Dominican Republic
84%
Trinidad and Tobago
84%
Antigua and Barbuda
82%
Bahamas
82%
Bolivia
82%
Dominica
82%
El Salvador
82%
Nicaragua
82%
Saint Lucia
82%
Suriname
82%
Paraguay
80%
Saint Vincent and the Grenadines
79%
Haiti
78%
Grenada
76%
Saint Kitts and Nevis
75%
No matching quizzes found
Score Distribution
Percent of People with Each Score
Percentile by Number Answered
Your Score History
You have not taken this quiz